[Event "Hull 4NCL op-C"]
[Site "Hull"]
[Date "2023.09.10"]
[Round "4"]
[White "Egan, William J"]
[Black "Joseph, Tomy"]
[Result "1-0"]
[WhiteElo "1605"]
[BlackElo "1559"]
[PlyCount "99"]
[EventDate "2023.09.08"]
[EventType "swiss"]
[EventRounds "5"]
[EventCountry "ENG"]
[SourceTitle "CBM 216 Extra"]
[Source "ChessBase"]
[SourceDate "2023.11.30"]
[SourceVersion "1"]
[SourceVersionDate "2023.11.30"]
[SourceQuality "1"]

1. d4 d5 2. Bf4 Nf6 3. e3 c5 4. c3 Nc6 5. Bd3 Qb6 6. Qb3 c4 7. Qxb6 axb6 8. Bc2 g6 9. Nd2 Bg7 10. h3 0-0 11. Ngf3 Re8 12. 0-0 Nd7 13. e4 dxe4 14. Bxe4 b5 15. a3 e5 16. dxe5 Ndxe5 17. Rfe1 Nxf3+ 18. Nxf3 Be6 19. Ng5 Bd7 20. Rad1 Bc8 21. Bd5 Rxe1+ 22. Rxe1 Be6 23. Bxe6 fxe6 24. Rxe6 h6 25. Nf3 g5 26. Be3 Rd8 27. Nd2 Kf7 28. Re4 Kf6 29. f4 Kf5 30. g4+ Kf6 31. f5 Rd3 32. Kf2 Bf8 33. Ke2 Kf7 34. Nf3 Bxa3 35. bxa3 Rxc3 36. Bc5 Rb3 37. Re3 c3 38. Kd3 b4 39. Ne5+ Nxe5+ 40. Rxe5 bxa3 41. Re1 a2 42. Ra1 c2+ 43. Kxc2 Rxh3 44. Rxa2 Rh2+ 45. Kb3 Rxa2 46. Kxa2 h5 47. gxh5 g4 48. h6 Kg8 49. f6 g3 50. h7+ 1-0

[Event "Hull 4NCL op-C"]
[Site "Hull"]
[Date "2023.09.08"]
[Round "1"]
[White "Joseph, Tomy"]
[Black "Garner, Luke"]
[Result "1-0"]
[WhiteElo "1559"]
[BlackElo "1387"]
[PlyCount "81"]
[EventDate "2023.09.08"]
[EventType "swiss"]
[EventRounds "5"]
[EventCountry "ENG"]
[SourceTitle "CBM 216 Extra"]
[Source "ChessBase"]
[SourceDate "2023.11.30"]
[SourceVersion "1"]
[SourceVersionDate "2023.11.30"]
[SourceQuality "1"]

1. e4 e5 2. Nf3 Nc6 3. d4 exd4 4. Nxd4 Nxd4 5. Qxd4 c5 6. Qc4 Qb6 7. Nc3 Ne7 8. Na4 Qb4+ 9. Qxb4 cxb4 10. b3 Nc6 11. Be3 Be7 12. 0-0-0 0-0 13. Nc5 d6 14. Nd3 Be6 15. f4 f5 16. exf5 Rxf5 17. Kb1 b6 18. g4 Bd5 19. Rg1 Rf7 20. f5 b5 21. Nf4 Bf3 22. Rd2 Rb8 23. Nd5 a5 24. Nxe7+ Rxe7 25. Bf2 Rd7 26. h3 a4 27. Bg3 axb3 28. axb3 Rbb7 29. Bxd6 Ne5 30. Bxb4 Rxd2 31. Bxd2 Kf7 32. Bc3 Kf6 33. Bg2 Bxg2 34. Rxg2 b4 35. Bb2 Rd7 36. Re2 Rd1+ 37. Ka2 Rd5 38. Bxe5+ Rxe5 39. Rxe5 Kxe5 40. Kb2 Kd4 41. h4 1-0

[Event "BCF-chT4 2223 (4NCL)"]
[Site "England"]
[Date "2023.03.26"]
[Round "8.122"]
[White "Joseph, Tomy"]
[Black "Bentley, Alex"]
[Result "0-1"]
[WhiteElo "1584"]
[BlackElo "1752"]
[PlyCount "48"]
[EventDate "2022.11.05"]
[EventType "team-swiss"]
[EventRounds "11"]
[EventCountry "ENG"]
[SourceTitle "EXT 2024"]
[Source "ChessBase"]
[SourceDate "2023.10.10"]
[SourceVersion "1"]
[SourceVersionDate "2023.10.10"]
[SourceQuality "1"]
[WhiteTeam "Watford II"]
[BlackTeam "Ashfield III"]
[WhiteTeamCountry "ENG"]
[BlackTeamCountry "ENG"]

1. d4 Nf6 2. c4 c5 3. d5 e6 4. Nc3 exd5 5. cxd5 d6 6. e4 g6 7. f4 Bg7 8. Bb5+ Nfd7 9. a4 0-0 10. Nf3 Na6 11. Bxa6 bxa6 12. 0-0 Rb8 13. Qc2 Re8 14. Nd2 Rb4 15. b3 Nf6 16. Rb1 Ng4 17. Nc4 Bd4+ 18. Kh1 Qh4 19. g3 Qh3 20. Bb2 Rxc4 21. bxc4 Ne3 22. Qe2 Bg4 23. Rf3 Qh5 24. Rbf1 Nxf1 0-1

[Event "BCF-chT4 2223 (4NCL)"]
[Site "England"]
[Date "2023.02.04"]
[Round "5.131"]
[White "Joseph, Tomy"]
[Black "Marsh, Roger DW"]
[Result "0-1"]
[WhiteElo "1584"]
[BlackElo "1933"]
[PlyCount "100"]
[EventDate "2022.11.05"]
[EventType "team-swiss"]
[EventRounds "11"]
[EventCountry "ENG"]
[SourceTitle "EXT 2024"]
[Source "ChessBase"]
[SourceDate "2023.10.10"]
[SourceVersion "1"]
[SourceVersionDate "2023.10.10"]
[SourceQuality "1"]
[WhiteTeam "Watford II"]
[BlackTeam "Wessex Some Stars II"]
[WhiteTeamCountry "ENG"]
[BlackTeamCountry "ENG"]

1. e4 g6 2. d4 Bg7 3. Nc3 c6 4. Nf3 d5 5. e5 Bg4 6. h3 Bxf3 7. Qxf3 f6 8. Bf4 Nd7 9. Qe3 fxe5 10. dxe5 Qb6 11. Qxb6 axb6 12. e6 Nc5 13. Be3 d4 14. Nb5 0-0-0 15. Bf4 cxb5 16. Bxb5 Nxe6 17. Bg3 Nf6 18. 0-0 Nc7 19. Bd3 Nfd5 20. Rfe1 Rde8 21. a3 e5 22. Rac1 Bh6 23. Rcd1 Bf4 24. Bxf4 Nxf4 25. Be4 Nb5 26. Kh2 Nd6 27. Bf3 Rhf8 28. g3 Ne6 29. Kg2 Ng5 30. Bg4+ Kc7 31. Be2 Nge4 32. f3 Nc5 33. b4 Na4 34. Rc1 Nc3 35. Bd3 e4 36. fxe4 Ndxe4 37. Bxe4 Rxe4 38. Rxe4 Nxe4 39. Re1 Re8 40. Rd1 Rd8 41. Re1 Nc3 42. Re5 Rd7 43. Re1 Kd6 44. g4 Re7 45. Rxe7 Kxe7 46. Kf3 Kf6 47. Kf4 g5+ 48. Kf3 Ke5 49. Kg3 Ke4 50. h4 h6 0-1

[Event "London Classic Weekend op 11th"]
[Site "London"]
[Date "2019.11.30"]
[Round "3"]
[White "Nayak, Raghav"]
[Black "Joseph, Tomy"]
[Result "1-0"]
[WhiteElo "1914"]
[BlackElo "1613"]
[PlyCount "113"]
[EventDate "2019.11.29"]
[EventType "swiss"]
[EventRounds "5"]
[EventCountry "ENG"]
[SourceTitle "CBM 193 Extra"]
[Source "ChessBase"]
[SourceDate "2020.01.31"]
[SourceVersion "1"]
[SourceVersionDate "2020.01.31"]
[SourceQuality "1"]

1. e4 e5 2. f4 Bc5 3. Nf3 d6 4. c3 Bg4 5. Be2 Nf6 6. d4 exd4 7. cxd4 Bb4+ 8. Bd2 Bxd2+ 9. Nbxd2 0-0 10. 0-0 Re8 11. Bd3 Nh5 12. f5 Nc6 13. h3 Bxf3 14. Nxf3 Ng3 15. Re1 Qf6 16. Kh2 Nh5 17. g4 Nf4 18. g5 Qd8 19. Bc2 f6 20. h4 fxg5 21. hxg5 Re7 22. Qd2 Nh5 23. Rg1 g6 24. Nh4 d5 25. e5 Nxe5 26. dxe5 Rxe5 27. fxg6 hxg6 28. Nxg6 Re6 29. Raf1 Qd6+ 30. Kh3 Qd7 31. Kg2 Qd6 32. Nf4 Nxf4+ 33. Rxf4 Rae8 34. Bd3 c5 35. Qf2 c4 36. Bf1 Rg6 37. Kh1 Rg7 38. Bh3 Rh7 39. Rh4 Rf8 40. Qe1 Qg6 41. Qe6+ Qxe6 42. Bxe6+ Kg7 43. Rxh7+ Kxh7 44. Bxd5 b5 45. g6+ Kg7 46. Bf7 Rh8+ 47. Kg2 Rh5 48. Kf3 Rh2 49. Rg2 Rh3+ 50. Ke4 c3 51. Kd4 b4 52. bxc3 Rxc3 53. Rb2 a5 54. Ke5 Re3+ 55. Kd6 Rd3+ 56. Kc5 Rd7 57. Kb6 1-0

[Event "Stevenage 4NCL Easter op U20 1st"]
[Site "Stevenage"]
[Date "2019.04.22"]
[Round "7"]
[White "Jaufarally, Mohammud"]
[Black "Joseph, Tomy"]
[Result "1-0"]
[WhiteElo "1498"]
[BlackElo "1613"]
[PlyCount "77"]
[EventDate "2019.04.19"]
[EventType "swiss"]
[EventRounds "7"]
[EventCountry "ENG"]
[SourceTitle "EXT 2025"]
[Source "ChessBase"]
[SourceDate "2024.10.14"]
[SourceVersion "1"]
[SourceVersionDate "2024.10.14"]
[SourceQuality "1"]

1. d4 d5 2. Bf4 Nf6 3. e3 e6 4. Bd3 c5 5. c3 Bd6 6. Bg3 0-0 7. Nd2 Nc6 8. f4 cxd4 9. exd4 Qb6 10. Qc2 Bd7 11. Ngf3 Rac8 12. Qb3 Qc7 13. Ne5 b6 14. Qd1 Ne7 15. 0-0 Nf5 16. Bxf5 exf5 17. Ndf3 Ne4 18. Qd3 Nxg3 19. hxg3 Be6 20. Ng5 h6 21. Nxe6 fxe6 22. Qe2 Bxe5 23. Qxe5 Qxe5 24. dxe5 Rc4 25. Rad1 h5 26. Rd4 Rfc8 27. Rfd1 a5 28. Rxc4 Rxc4 29. Rd4 Kf7 30. Rxc4 dxc4 31. Kf2 Ke7 32. Ke3 Kd7 33. Kd4 Kc6 34. Kxc4 b5+ 35. Kd4 g6 36. b3 Kb6 37. a3 Kc6 38. c4 b4 39. a4 1-0

[Event "GBR-ch U120 op 105th"]
[Site "Hull"]
[Date "2018.08.01"]
[Round "3"]
[White "Valjee, Ashir"]
[Black "Joseph, Tomy"]
[Result "1-0"]
[WhiteElo "1447"]
[BlackElo "1613"]
[PlyCount "45"]
[EventDate "2018.07.30"]
[EventType "swiss"]
[EventRounds "5"]
[EventCountry "ENG"]
[SourceTitle "EXT 2021"]
[Source "ChessBase"]
[SourceDate "2020.10.23"]
[SourceVersion "1"]
[SourceVersionDate "2020.10.23"]
[SourceQuality "1"]

1. e4 c5 2. Nc3 Nc6 3. f4 g6 4. Nf3 Bg7 5. Bb5 Nd4 6. 0-0 Nxb5 7. Nxb5 e6 8. e5 d5 9. Nd6+ Ke7 10. d4 c4 11. Qe1 Nh6 12. f5 exf5 13. Bxh6 Bxh6 14. Qh4+ Kd7 15. Qxh6 Qe7 16. Rae1 f6 17. Qf4 Kc6 18. Nxc8 Raxc8 19. exf6 Qxf6 20. Re5 Rhd8 21. Rfe1 Qf8 22. Re7 h6 23. R1e6+ 1-0

[Event "GBR-ch U120 op 105th"]
[Site "Hull"]
[Date "2018.07.30"]
[Round "1"]
[White "Kasprzyk, Milosz"]
[Black "Joseph, Tomy"]
[Result "0-1"]
[WhiteElo "100"]
[BlackElo "1613"]
[PlyCount "118"]
[EventDate "2018.07.30"]
[EventType "swiss"]
[EventRounds "5"]
[EventCountry "ENG"]
[SourceTitle "EXT 2021"]
[Source "ChessBase"]
[SourceDate "2020.10.23"]
[SourceVersion "1"]
[SourceVersionDate "2020.10.23"]
[SourceQuality "1"]

1. e4 c5 2. Nf3 Nc6 3. d4 cxd4 4. Nxd4 Nf6 5. Nc3 e5 6. Nb3 Bb4 7. Qd3 Nxe4 8. Qxe4 d5 9. Qd3 d4 10. Bd2 dxc3 11. Bxc3 Qxd3 12. Bxd3 Bxc3+ 13. bxc3 0-0 14. 0-0 b6 15. f4 exf4 16. Be4 Bb7 17. Rad1 Rad8 18. Rd3 Na5 19. Rxf4 Bxe4 20. Rxe4 Nc6 21. Nd4 Nxd4 22. cxd4 Rd7 23. Kf2 f5 24. Re5 g6 25. Ke3 Kf7 26. c4 Kf6 27. c5 bxc5 28. Rxc5 Re8+ 29. Kf3 Re4 30. d5 h5 31. Re3 Rd4 32. Ra3 Ke5 33. Rca5 R4xd5 34. Rxa7 Rd3+ 35. Rxd3 Rxd3+ 36. Ke2 Rd6 37. Ra4 Rc6 38. Kd2 Rb6 39. Ke3 Rb2 40. Kf3 Rd2 41. h3 Rd3+ 42. Ke2 Rc3 43. h4 Rg3 44. Kf2 Rc3 45. g3 Rc2+ 46. Kf3 Rc6 47. Ke3 Kf6 48. Kf4 Rd6 49. Ra5 Rd4+ 50. Kf3 Rd6 51. Kf4 Rd1 52. Ra6+ Kf7 53. Ra7+ Kf6 54. Ra6+ Kg7 55. Kg5 Rd2 56. Rxg6+ Kf7 57. Rf6+ Kg7 58. a4 Rd4 59. a5 Rg4+ 0-1

[Event "Hampstead op U2200 05"]
[Site "Hampstead"]
[Date "2013.05.19"]
[Round "5"]
[White "Sagues, Vincent"]
[Black "Joseph, Tomy"]
[Result "1-0"]
[WhiteElo "1940"]
[BlackElo "1458"]
[PlyCount "75"]
[EventDate "2013.05.18"]
[EventType "swiss"]
[EventRounds "5"]
[EventCountry "ENG"]
[SourceTitle "EXT 2014"]
[Source "ChessBase"]
[SourceDate "2013.11.20"]
[SourceVersion "1"]
[SourceVersionDate "2013.11.20"]
[SourceQuality "1"]

1. e4 g6 2. d4 Bg7 3. Nc3 d6 4. Be3 Nf6 5. h3 0-0 6. Nf3 a6 7. a4 Nbd7 8. Bd3 e5 9. Qd2 Re8 10. 0-0 exd4 11. Nxd4 Nc5 12. Bg5 Qd7 13. Rae1 b6 14. b4 Nxa4 15. Nxa4 Qxa4 16. Ra1 Qd7 17. Bxf6 Bxf6 18. Bb5 Qd8 19. Bxe8 Qxe8 20. Rae1 a5 21. b5 Bd7 22. c4 Qe5 23. Nc6 Qc5 24. e5 Be7 25. Qf4 Be6 26. Rc1 dxe5 27. Qxe5 Qxe5 28. Nxe5 a4 29. Rc2 a3 30. Ra1 f6 31. Ng4 Kg7 32. Re2 Bxc4 33. Rxe7+ Kf8 34. Rxc7 a2 35. Rxc4 Ra3 36. Rc2 f5 37. Ne3 f4 38. Nc4 1-0

[Event "Hampstead op U2200 05"]
[Site "Hampstead"]
[Date "2013.05.18"]
[Round "2"]
[White "Joseph, Tomy"]
[Black "Lukacovic, Miroslav"]
[Result "1/2-1/2"]
[WhiteElo "1458"]
[BlackElo "1991"]
[PlyCount "129"]
[EventDate "2013.05.18"]
[EventType "swiss"]
[EventRounds "5"]
[EventCountry "ENG"]
[SourceTitle "EXT 2014"]
[Source "ChessBase"]
[SourceDate "2013.11.20"]
[SourceVersion "1"]
[SourceVersionDate "2013.11.20"]
[SourceQuality "1"]

1. e4 e6 2. d4 d5 3. e5 c5 4. Nf3 Nc6 5. c3 Nge7 6. a3 c4 7. Be2 Bd7 8. 0-0 Nf5 9. Qc2 b5 10. Bf4 a5 11. Nbd2 b4 12. axb4 axb4 13. Rfb1 Be7 14. Nf1 0-0 15. Ng3 Nxg3 16. Bxg3 Qb6 17. Bf4 b3 18. Qd1 Ra2 19. Bg5 Rfa8 20. Bxe7 Nxe7 21. Qc1 h6 22. Rxa2 Rxa2 23. g4 Qa7 24. h4 Kf8 25. Kg2 Be8 26. h5 Ng8 27. Nh4 g5 28. hxg6 fxg6 29. Qf4+ Kg7 30. Kg3 g5 31. Qd2 gxh4+ 32. Kxh4 Ra1 33. Qc1 Rxb1 34. Qxb1 Bg6 35. Qc1 Qf7 36. f4 Qa7 37. g5 hxg5+ 38. fxg5 Qf7 39. Qe3 Ne7 40. Bg4 Nf5+ 41. Bxf5 Qxf5 42. Qh3 Qxh3+ 43. Kxh3 Bc2 44. Kh4 Kg6 45. Kg4 Bd1+ 46. Kf4 Bc2 47. Kg4 Bd3 48. Kf4 Kh5 49. g6 Bxg6 50. Ke3 Kh4 51. Kf4 Kh3 52. Kf3 Bd3 53. Kf2 Be4 54. Ke3 Kg2 55. Kd2 Kf1 56. Kd1 Kf2 57. Kd2 Bf5 58. Kd1 Ke3 59. Kc1 Bg6 60. Kd1 Kd3 61. Kc1 Ke3 62. Kd1 Bc2+ 63. Kc1 Kf2 64. Kd2 Kf1 65. Kc1 1/2-1/2

[Event "Hampstead op U2200 05"]
[Site "Hampstead"]
[Date "2013.05.18"]
[Round "3"]
[White "Kalavannan, Koby"]
[Black "Joseph, Tomy"]
[Result "1-0"]
[WhiteElo "1713"]
[BlackElo "1458"]
[PlyCount "151"]
[EventDate "2013.05.18"]
[EventType "swiss"]
[EventRounds "5"]
[EventCountry "ENG"]
[SourceTitle "EXT 2014"]
[Source "ChessBase"]
[SourceDate "2013.11.20"]
[SourceVersion "1"]
[SourceVersionDate "2013.11.20"]
[SourceQuality "1"]

1. e4 g6 2. d4 Bg7 3. Nf3 d6 4. Bd3 Nd7 5. c3 Ngf6 6. Bf4 c5 7. Qe2 cxd4 8. cxd4 Nh5 9. Be3 e5 10. d5 0-0 11. Qd2 Re8 12. 0-0 Nb6 13. Nc3 Bg4 14. Ne1 Rc8 15. h3 Bd7 16. Nc2 a6 17. Na3 Na8 18. Rac1 b5 19. Ne2 Qe7 20. Rxc8 Rxc8 21. Rc1 Qd8 22. Rxc8 Qxc8 23. Qc2 Qd8 24. Qd2 Qf8 25. Qa5 Qc8 26. Nc2 Bf6 27. Nb4 Nc7 28. Bb6 Bd8 29. Bxc7 Bxc7 30. Qxa6 Qf8 31. Bxb5 Bxb5 32. Qxb5 f5 33. Nc6 Bd8 34. Qb4 f4 35. Qb3 Kg7 36. Nb8 Qf7 37. Nc6 Bh4 38. Qa3 Qf8 39. Qa7+ Kh6 40. Qb8 Qf7 41. Qb3 Qc7 42. a4 Qc8 43. Qd3 Qb7 44. b4 Qb6 45. Qf3 Nf6 46. a5 Qb5 47. Nc3 Qc4 48. b5 Qb3 49. a6 Qb2 50. a7 Qc1+ 51. Qd1 Bxf2+ 52. Kh1 Qa3 53. Na4 Bxa7 54. Nxa7 Qg3 55. Qe2 Qb3 56. Nb2 Nh5 57. Qf2 Ng3+ 58. Kg1 Qa2 59. Nd1 Qb1 60. Qe1 Qc2 61. Nf2 Kg5 62. b6 Ne2+ 63. Kh2 Kh4 64. Nd1+ Kg5 65. h4+ Kf6 66. b7 Qc7 67. Qxe2 Qxb7 68. Nc6 Qg7 69. Qg4 Qh6 70. Qe6+ Kg7 71. Qe7+ Kg8 72. Nd8 Qxh4+ 73. Qxh4 Kg7 74. Ne6+ Kf7 75. Qxh7+ Kf6 76. Qg7# 1-0